00890cam a22002531 450000100100000000500170001000800410002701000130006803500200008104000250010104200120012605000190013810000300015724500920018726000480027930000210032750400410034865000320038970000460042191000340046791000070050195201110050899900170061900001337020200929163217.0890915s1972 ag b 000 0 spa  a73332334 a(OCoLC)20349298 aDO-SdBNPcAzTeSdDLC apremarc00aHG4028.C4bG441 aGeli, Alejandro C.93058410aSistema estrategico de inversiones /c[por] Alejandro C. Geli [e] Isaac A. Senderovich. aBuenos Aires, :bEdiciones Macchi,c[1972]. a152 p. ;c23 cm. aIncludes bibliographical references. 0aCapital investments.9305851 aSenderovich, I. A.,ejoint author.930586 aCatalogación por copia / LC aDC 001052708MOaGRbGRcCTd2009-11-23iLF1l0o p13370-10r2020-06-25w2020-06-25y2ZPréstamo interno c12996d12996